00622nam a2200205Ia 4500003000400000005001700004008004100021020001800062040000700080041000800087082001600095100002700111245003100138260004800169300000900217650002200226942001300248999001900261952013600280OSt20250804101540.0250729s2005 xx 000 0 und d a9788183560252 cAL aeng a372.25 RAOI aRao Digumurthi9220829 aIssues in school education aNew DelhibDiscovery Publishing Housec2005 a270p aEducation9220830 2ddccBED c234748d234748 001040708BEDaALbALd2025-07-29eSita Book Houseg195.00l0o372.25 RAOIpBED00067r2025-07-29 16:53:25v195.00w2025-07-29yBK